| 000 | 00995nam a22003257a 4500 | ||
|---|---|---|---|
| 001 | 0009569 | ||
| 003 | KOHA_MİRAKIL | ||
| 005 | 20260207001713.0 | ||
| 007 | ta | ||
| 008 | 091021b1998 tu |||gr||||#||||0|tur | | ||
| 040 |
_aTR-BiSEU _btur _cTR-BiSEU _erda |
||
| 041 | 0 | _atur | |
| 044 | _ctu | ||
| 050 |
_aHF5549 _b.A43 1998 |
||
| 100 | 1 | _aAldemir, M. Ceyhan. | |
| 245 | 1 |
_aPersonel Yönetimi/ _cM. Ceyhan Aldemir ; M. Ceyhan Aldemir, Alpay Ataol, Gönül Budak. |
|
| 264 | 1 |
_aİzmir : _bFakülteler Kitabevi Barış Yayınları _c1998 |
|
| 300 | _a407 sayfa; 21 cm. | ||
| 336 |
_ametin _btxt _2rdacontent |
||
| 337 |
_aaracısız _bn _2rdamedia |
||
| 338 |
_acilt _bnc _2rdacarrier |
||
| 500 | _aKaynakça var. | ||
| 650 | 0 |
_aİnsan sermayesi. _916400 |
|
| 650 | 0 |
_aPersonel yönetimi. _91680 |
|
| 650 | 0 |
_aİnsangücü planlaması. _916401 |
|
| 650 | 0 |
_aPersonnel management. _91681 |
|
| 650 | 0 |
_aHuman capital. _923661 |
|
| 650 | 0 |
_aManpower planning. _98821 |
|
| 942 |
_2lcc _cBK |
||
| 999 |
_c9541 _d9541 |
||